| 000 | 01090cam a22002773a 4500 | ||
|---|---|---|---|
| 001 | 28303 | ||
| 003 | PGUSA | ||
| 005 | 20140828083618.0 | ||
| 008 | 090310s2009||||xxu|||||s|||||000 i eng d | ||
| 040 |
_aPGUSA _beng |
||
| 042 | _adc | ||
| 050 | 4 | _aPS | |
| 100 | 1 |
_aFitch, Clyde, _d1865-1909 |
|
| 245 | 1 | 4 |
_aThe Smart Set : _bCorrespondence and Conversations _h[electronic resource] / _cClyde Fitch |
| 260 |
_bProject Gutenberg, _c2009 |
||
| 505 | 0 | _aThe Makeway ball -- The plaintiff -- The summer -- The children -- Maternity -- A letter of introduction -- Wagner, 1897 -- Art -- Sorrow -- The theatre -- The opera -- A perfect day -- The Westington's Bohemian dinner -- The gamblers. | |
| 506 | _aPublic domain in the USA. | ||
| 516 | _aElectronic text | ||
| 653 | _aConversation -- Fiction | ||
| 653 | _aNew York (N.Y.) -- Social life and customs -- 19th century -- Fiction | ||
| 653 | _aImaginary letters | ||
| 740 | 0 | _aThe Smart Set: Correspondence and Conversations | |
| 830 | 0 |
_aProject Gutenberg _v28303 |
|
| 856 | 4 | 0 | _uhttp://www.gutenberg.org/ebooks/28303 |
| 942 | _cEB | ||
| 999 |
_c257558 _d257558 |
||